000 00591nam a22001337a 4500
008 090705t xxu||||| |||| 00| 0 eng d
082 _222
_a823.8
_bDIC
245 _aGreat Expectations/
_cCharles Dickens with an introduction by Kenneth Haynes
260 _aCAlcutta:
_bRupa,
_c1991
300 4 _a444 p.;
_c17 cm.
600 _97486
_a Dickens, Charles,
_d--1812-1870.
942 _2ddc
_cBB
999 _c12180
_d12180